Zhu Rongji on the record: the road to reform, 1991-1997
Ebook from IG Library
محفوظ في:
| المؤلف الرئيسي: | |
|---|---|
| التنسيق: | كتاب |
| اللغة: | Undetermined |
| منشور في: |
Brookings Institution Press
2013
|
| الموضوعات: | |
| الوصول للمادة أونلاين: | http://lrc.tdmu.edu.vn/opac/search/detail.asp?aID=2&ID=38599 |
| الوسوم: |
إضافة وسم
لا توجد وسوم, كن أول من يضع وسما على هذه التسجيلة!
|
| Thư viện lưu trữ: | Trung tâm Học liệu Trường Đại học Thủ Dầu Một |
|---|
| LEADER | 00712nam a2200181Ia 4500 | ||
|---|---|---|---|
| 001 | TDMU_38599 | ||
| 008 | 210410s9999 xx 000 0 und d | ||
| 082 | |a 658.8 | ||
| 100 | |a Rongji, Zhu | ||
| 245 | 0 | |a Zhu Rongji on the record: the road to reform, 1991-1997 | |
| 245 | 0 | |c Zhu Rongji | |
| 260 | |b Brookings Institution Press | ||
| 260 | |c 2013 | ||
| 300 | |a 488Pages | ||
| 520 | |a Ebook from IG Library | ||
| 650 | |a Trung Quốc |x Điều kiện và chính sách kinh tế; Trung Quốc |x Chính trị và chính phủ; General history of Asia |z China | ||
| 856 | |u http://lrc.tdmu.edu.vn/opac/search/detail.asp?aID=2&ID=38599 | ||
| 980 | |a Trung tâm Học liệu Trường Đại học Thủ Dầu Một | ||